Marketing : A Complete Guide. (Record no. 2749)

MARC details
005 - DATE AND TIME OF LATEST TRANSACTION
control field 20250527141441.0
020 ## - INTERNATIONAL STANDARD BOOK NUMBER
International Standard Book Number 0-333-99436-1
082 ## - DEWEY DECIMAL CLASSIFICATION NUMBER
Classification number 658.8 McD
100 ## - MAIN ENTRY--PERSONAL NAME
Author name McDonald, M.
245 ## - TITLE STATEMENT
Title Marketing : A Complete Guide.
260 ## - PUBLICATION, DISTRIBUTION, ETC.
Place of publication, distribution, etc. New York,
Name of publisher, distributor, etc. Palgrave Macmillan,
Date of publication, distribution, etc. 2003.
300 ## - PHYSICAL DESCRIPTION
Extent xxv, 556p.: ill.; figure, table
Other physical details Index
Dimensions 23cm.
700 ## - ADDED ENTRY--PERSONAL NAME
Other authors/Editors CHRISTOPHER, M.
856 ## - ELECTRONIC LOCATION AND ACCESS
Link text Access Online Book
Electronic name Marketing
Path www.palgrave.com
942 ## - ADDED ENTRY ELEMENTS (KOHA)
Source of classification or shelving scheme Dewey Decimal Classification
Koha item type Books
Holdings
Date last seen Total checkouts Full call number Barcode Cost, replacement price Price effective from Koha item type Lost status Source of classification or shelving scheme Damaged status Not for loan Withdrawn status Home library Current library Shelving location Date acquired Cost, normal purchase price
05/27/2025   658.8 McD 00000010297 88500.00 05/27/2025 Books   Dewey Decimal Classification       College of Business Education Main Library College of Business Education Main Library General Collection 04/06/2018 29500.00
05/27/2025   658.8 McD 00000010298 88500.00 05/27/2025 Books   Dewey Decimal Classification       College of Business Education Main Library College of Business Education Main Library General Collection 04/06/2018 29500.00
05/27/2025   658.8 McD 00000010299 88500.00 05/27/2025 Books   Dewey Decimal Classification       College of Business Education Main Library College of Business Education Main Library General Collection 04/06/2018 29500.00